000 00500nmm a2200169Ia 4500
008 251105s9999||||xx |||||||||||||||||und||
020 _a9786316503084
041 _aspa
100 _aDepraz, Natalie
245 0 _aFenomenología de la sorpresa :
_b Un sujeto cardial
264 _a[Buenos Aires, Argentina] :
_bEditorial Sb,
_c2023
300 _a145 páginas
490 _aPost-Visión
650 _aPhilosophy, Ethics
856 _uhttps://public.digitaliapublishing.com/a/129919
942 _cCF
999 _c76083
_d76083